[Event "Challenge"]
[Site "http://www.queenalice.com/game.php?id=104649"]
[Date "2006.9.11"]
[Round "-"]
[White "raskolnikoff"]
[Black "Filps"]
[Result "1-0"]
[WhiteElo "1632"]
[BlackElo "1693"]

1. e4 e5 2. Nf3 Nc6 3. d4 exd4 4. Nxd4 Nxd4 5. Qxd4 Nf6 6. Bg5 Be7 7. Bc4 c5 8.
Qd3 d6 9. Nc3 a6 10. a3 b5 11. Ba2 Bb7 12. O-O O-O 13. Rad1 Qb6 14. Bxf6 Bxf6
15. Bd5 c4 16. Qh3 Rae8 17. Bxb7 Qxb7 18. f3 Bxc3 19. bxc3 Qc6 20. Rd5 Re5 21.
Rfd1 Qb6+ 22. Kf1 Rd8 23. Qg4 Rxd5 24. Rxd5 Qe3 25. Rg5 Qc1+ 26. Kf2 Qxc2+ 27.
Kg3 g6 28. h4 h6 29. Rf5 Qxc3 30. h5 g5 31. e5 dxe5 32. Rxg5+ hxg5 33. Qxg5+ Kh7
34. Qf6 Rg8+ 35. Kh3 Qe1 36. Qxf7+ Rg7 37. Qf5+ Kh6 38. Qf6+ Kxh5 39. g4+ Rxg4
40. fxg4# 1-0

[Event "Challenge"]
[Site "http://www.queenalice.com/game.php?id=104650"]
[Date "2006.9.11"]
[Round "-"]
[White "raskolnikoff"]
[Black "tewald"]
[Result "0-1"]
[WhiteElo "1672"]
[BlackElo "1751"]

1. e4 e5 2. Nf3 d6 3. d4 Bg4 4. dxe5 Bxf3 5. Qxf3 dxe5 6. Bc4 Nf6 7. Bg5 Be7 8.
Nc3 O-O 9. O-O c6 10. Rad1 Nbd7 11. Rd2 Qc7 12. Rfd1 Rad8 13. Qg3 Kh8 14. f3
Qb6+ 15. Kh1 Qxb2 16. Ne2 Qb4 17. Bb3 h6 18. Bxf6 Nxf6 19. Rxd8 Rxd8 20. Rxd8+
Bxd8 21. h3 Qd2 22. Ng1 Qd7 23. Qxe5 b5 24. Ne2 Kg8 25. Nf4 Bc7 0-1

[Event "Challenge"]
[Site "http://www.queenalice.com/game.php?id=104835"]
[Date "2006.9.11"]
[Round "-"]
[White "raskolnikoff"]
[Black "velkan_cu"]
[Result "1-0"]
[WhiteElo "1617"]
[BlackElo "1601"]

1. e4 e5 2. Nf3 Nc6 3. d4 d6 4. dxe5 Bg4 5. exd6 Bxd6 6. Be2 Bxf3 7. Bxf3 Qf6 8.
Nc3 O-O-O 9. Nd5 Qg6 10. Be3 Be5 11. Qe2 Bxb2 12. Rb1 Bd4 13. O-O Bxe3 14. Qxe3
Ne5 15. Be2 b6 16. a4 Ng4 17. Qd3 Kd7 18. Nf4+ Ke8 19. Nxg6 Rxd3 20. Bxd3 hxg6
21. h3 Ne5 22. f4 Nc6 23. Bb5 Ne7 24. f5 a6 25. f6 axb5 26. fxe7 bxa4 27. Ra1 b5
28. Rfb1 Rh5 29. Ra3 Kxe7 30. Kf2 Nd4 31. c3 Nc6 32. c4 Nd4 33. cxb5 Nxb5 34.
Rd3 Nd6 35. Kf3 Nc4 36. Kf4 Rh4+ 37. g4 a3 38. Ra1 c5 39. Rc3 Nb2 40. Raxa3 c4
41. Kg5 Rh8 42. Ra7+ Ke6 43. Rb7 Nd3 44. Rxc4 Rxh3 45. Rc6+ Ke5 46. Re7+ Kd4 47.
Rd6+ Ke3 48. Rxf7 Ne5 49. Rxg7 Rg3 50. Re6 Nxg4 51. Kh4 Kf3 52. Rf7+ Kg2 53.
Rxg6 1-0

[Event "Let's Play Chess!"]
[Site "http://www.queenalice.com/game.php?id=105329"]
[Date "2006.9.13"]
[Round "-"]
[White "Marcelo_Araujo"]
[Black "raskolnikoff"]
[Result "0-1"]
[WhiteElo "1665"]
[BlackElo "1617"]

1. e4 c5 2. Nf3 d6 3. Bc4 Nf6 4. Nc3 Nc6 5. O-O e6 6. d4 cxd4 7. Nxd4 Ne5 8. Bb3
Be7 9. f4 Ng6 10. f5 exf5 11. exf5 Ne5 12. Bf4 O-O 13. Re1 Qa5 14. Qe2 b6 15.
Bd2 Qc5 16. Be3 Qc7 17. Nd5 Nxd5 18. Bxd5 Rb8 19. Bf4 Bb7 20. Bxb7 Rxb7 21. c3
Bf6 22. Nf3 Re8 23. Nxe5 Bxe5 24. Bxe5 Rxe5 25. Qg4 Qc5+ 26. Kf1 Rxf5+ 27. Ke2
Re7+ 28. Kd2 Rd5+ 29. Kc2 Qf2+ 30. Kb3 Rb5+ 31. Ka4 Ra5+ 32. Kb4 Qc5+ 33. Kb3
Re5 34. Rxe5 dxe5 35. Rd1 Rb5+ 36. Kc2 Qf2+ 37. Rd2 Rxb2+ 38. Kxb2 Qxd2+ 39. Kb3
g6 40. Qf3 Qf4 41. Qa8+ Kg7 42. Qxa7 b5 43. g3 Qa4+ 44. Qxa4 bxa4+ 45. Kc2 Kf8
46. Kd3 Ke7 47. Ke4 Kd6 48. c4 Kc5 49. Kd3 f5 50. a3 e4+ 51. Kc3 e3 52. Kd3 e2
53. Kxe2 Kxc4 54. Ke3 Kb3 55. Kd2 Kxa3 56. Kc1 Ka2 57. Kc2 a3 58. Kc1 Ka1 59.
Kc2 a2 60. Kc1 h6 61. Kc2 g5 62. h3 f4 63. gxf4 gxf4 64. Kd2 Kb2 65. Ke2 a1=Q
66. Kf3 Kc3 67. Kxf4 Kd4 68. Kf5 Kd5 69. Kf4 Qd4+ 70. Kg3 Ke4 71. Kg4 Qe5 72. h4
Qf4+ 73. Kh3 Kf3 74. h5 Qg3# 0-1

[Event "Challenge"]
[Site "http://www.queenalice.com/game.php?id=107110"]
[Date "2006.9.17"]
[Round "-"]
[White "raskolnikoff"]
[Black "RayDuque3"]
[Result "0-1"]
[WhiteElo "1647"]
[BlackElo "1524"]

1. e4 e5 2. Nf3 d6 3. d4 exd4 4. Nxd4 Nf6 5. Bg5 Be7 6. Bd3 O-O 7. O-O c5 8. Ne2
Be6 9. Nbc3 Nc6 10. Qd2 a6 11. f4 Bc8 12. Rf3 b5 13. Bxf6 Bxf6 14. Raf1 Nd4 15.
Nxd4 Bxd4+ 16. Kh1 f5 17. exf5 Bxf5 18. b3 Bxc3 19. Qxc3 b4 20. Qc4+ Kh8 21.
Bxf5 Rxf5 22. g4 Rf6 23. g5 Rf5 24. Rh3 a5 0-1

[Event "Challenge"]
[Site "http://www.queenalice.com/game.php?id=108020"]
[Date "2006.9.20"]
[Round "-"]
[White "raskolnikoff"]
[Black "skycaptainblue"]
[Result "0-1"]
[WhiteElo "1660"]
[BlackElo "1841"]

1. e4 c5 2. Nf3 d6 3. d4 cxd4 4. Nxd4 Nf6 5. Nc3 a6 6. Bg5 e6 7. Bc4 Be7 8. Qd2
Qc7 9. Bb3 O-O 10. O-O Nc6 11. f4 Nxd4 12. Qxd4 b5 13. a3 Bb7 14. Rfe1 h6 15.
Bh4 d5 16. e5 Bc5 0-1

[Event "Challenge"]
[Site "http://www.queenalice.com/game.php?id=111422"]
[Date "2006.9.29"]
[Round "-"]
[White "menssor"]
[Black "raskolnikoff"]
[Result "0-1"]
[WhiteElo "1471"]
[BlackElo "1673"]

1. d4 Nf6 2. Bf4 e6 3. Nc3 c5 4. d5 Qb6 5. Na4 Qb4+ 6. Nc3 Qxf4 7. Nb5 Nxd5 8.
Nh3 Qf6 9. c4 a6 10. cxd5 axb5 11. dxe6 fxe6 12. e4 Qxb2 13. Bxb5 Qxb5 14. Rb1
Qc6 15. O-O Qxe4 16. Rb6 Be7 17. Re1 Qf5 18. a4 O-O 19. g4 Qg6 20. f4 c4 21. f5
Qh6 22. Kg2 Ra6 23. g5 Bxg5 24. fxe6 Rxb6 25. e7 Rb2+ 26. Re2 Rxe2+ 27. Qxe2 Re8
28. Qxc4+ Kh8 29. Qf7 Qc6+ 30. Kf1 Qf6+ 31. Ke2 Rxe7+ 32. Kd3 Rxf7 33. Nxg5 Qxg5
34. h4 Rf3+ 35. Kd4 Qxh4+ 36. Ke5 Nc6+ 37. Kd6 Rd3+ 38. Kc7 Qd8# 0-1

[Event "Challenge"]
[Site "http://www.queenalice.com/game.php?id=118329"]
[Date "2006.10.18"]
[Round "-"]
[White "Filps"]
[Black "raskolnikoff"]
[Result "0-1"]
[WhiteElo "1708"]
[BlackElo "1645"]

1. e4 c5 2. Nc3 Nc6 3. Bc4 d6 4. h3 Nf6 5. Nf3 e6 6. d4 cxd4 7. Nxd4 Be7 8. Bb5
Bd7 9. O-O O-O 10. Bg5 a6 11. Bxc6 bxc6 12. h4 h6 13. Bxf6 Bxf6 14. h5 c5 15.
Nf3 Bxc3 16. bxc3 Bc6 17. Re1 f5 18. exf5 Rxf5 19. Rxe6 Bxf3 20. gxf3 Qg5+ 21.
Kf1 Raf8 22. Re3 Qxh5 23. Qxd6 Qh1+ 0-1

[Event "Challenge"]
[Site "http://www.queenalice.com/game.php?id=119173"]
[Date "2006.10.20"]
[Round "-"]
[White "raskolnikoff"]
[Black "VypeR"]
[Result "0-1"]
[WhiteElo "1681"]
[BlackElo "1604"]

1. e4 e5 2. Nf3 Nc6 3. Bb5 a6 4. Bxc6 bxc6 5. Nxe5 Qe7 6. Nxc6 Qxe4+ 7. Qe2
Qxe2+ 8. Kxe2 dxc6 9. Re1 Be7 10. Kf1 Nf6 11. d3 Be6 12. Bf4 Bd6 13. Bg5 Ng4 14.
h3 Nh2+ 15. Kg1 O-O 16. f4 h6 0-1

[Event "Challenge"]
[Site "http://www.queenalice.com/game.php?id=119293"]
[Date "2006.10.20"]
[Round "-"]
[White "raskolnikoff"]
[Black "juve_leo"]
[Result "0-1"]
[WhiteElo "1662"]
[BlackElo "1647"]

1. e4 c5 2. Nf3 Nc6 3. d4 Qa5+ 4. Bd2 Qb6 5. d5 Nd4 6. Nxd4 cxd4 7. b3 Nf6 8.
Bd3 e6 9. c4 Bb4 10. O-O O-O 11. Bg5 e5 12. a3 Be7 13. b4 a5 14. c5 Qa7 15. Qb3
a4 16. Qc2 d6 17. Bxf6 Bxf6 18. cxd6 Rd8 19. Qc5 b6 20. Qc7 Bb7 21. Nc3 Rac8 22.
Nb5 Qa6 0-1

[Event "Let's Play Chess!"]
[Site "http://www.queenalice.com/game.php?id=119296"]
[Date "2006.10.20"]
[Round "-"]
[White "raskolnikoff"]
[Black "mad_knight"]
[Result "0-1"]
[WhiteElo "1652"]
[BlackElo "1797"]

1. e4 e5 2. Nf3 Nf6 3. Nxe5 d6 4. Nc4 Nxe4 5. Qe2 Qe7 6. d3 Nf6 7. Bg5 Qxe2+ 8.
Bxe2 Be7 9. O-O O-O 10. Nbd2 d5 11. Ne5 Re8 12. f4 Bc5+ 13. Kh1 Bd4 14. Ndf3
Bxb2 15. Rab1 Ba3 16. d4 Ne4 17. Rb3 Be7 18. Bd3 f6 19. Bxf6 Bxf6 20. Bxe4 dxe4
21. Nd2 b6 22. Re3 Bb7 23. g4 Rf8 24. g5 Bxe5 25. dxe5 Nd7 26. h4 Rf5 27. Kh2
Nc5 28. Kg3 g6 29. Kg4 Rd8 30. Rf2 Rf7 31. Rfe2 Rfd7 32. Nf1 Rf8 33. Ng3 Rdf7
34. Rf2 Bc8+ 35. f5 gxf5+ 36. Kf4 Ne6# 0-1

[Event "Let's Play Chess!"]
[Site "http://www.queenalice.com/game.php?id=119297"]
[Date "2006.10.20"]
[Round "-"]
[White "mad_knight"]
[Black "raskolnikoff"]
[Result "1-0"]
[WhiteElo "1774"]
[BlackElo "1664"]

1. e4 c5 2. c3 Nc6 3. d4 cxd4 4. cxd4 d5 5. exd5 Qxd5 6. Nf3 Bg4 7. Be2 O-O-O 8.
Nc3 Qd7 9. d5 Nb4 10. O-O Nxd5 11. Qc2 Nc7 12. Ne5 Bf5 13. Nb5 Bxc2 14. Nxd7
Rxd7 15. Nxc7 Rxc7 16. Bf4 Be4 17. Bxc7 Kxc7 18. Rac1+ Kb8 19. Rfd1 Bc6 20. Rxc6
bxc6 21. Rd8+ Kc7 22. Rxf8 f6 23. Bc4 Kd6 24. Rxg8 Rxg8 25. Bxg8 h5 26. h4 Ke5
27. Bf7 1-0

[Event "Challenge"]
[Site "http://www.queenalice.com/game.php?id=120455"]
[Date "2006.10.23"]
[Round "-"]
[White "raskolnikoff"]
[Black "pajabraba69"]
[Result "0-1"]
[WhiteElo "1662"]
[BlackElo "1768"]

1. e4 e5 2. Nf3 Nf6 3. Nxe5 d6 4. Nc4 Nxe4 5. Qe2 Qe7 6. d3 Nf6 7. Bg5 Qxe2+ 8.
Bxe2 Be7 9. O-O Be6 10. Nbd2 b6 11. f4 Bxc4 12. Nxc4 Nbd7 13. a4 O-O 14. Rf3 Nd5
15. Raf1 Bxg5 16. fxg5 Nc5 17. a5 bxa5 18. Nxa5 Rab8 19. Nc6 Rxb2 20. Bd1 Ne6
0-1

[Event "Challenge"]
[Site "http://www.queenalice.com/game.php?id=124899"]
[Date "2006.11.3"]
[Round "-"]
[White "Enrico"]
[Black "raskolnikoff"]
[Result "0-1"]
[WhiteElo "1697"]
[BlackElo "1657"]

1. e4 c5 2. Nf3 Nc6 3. d4 cxd4 4. Nxd4 a6 5. Nxc6 bxc6 6. Bc4 Qc7 7. Qf3 Nf6 8.
O-O e6 9. Bf4 d6 10. Nc3 Be7 11. Rfe1 Bb7 12. e5 Nd5 13. Bxd5 cxd5 14. exd6 Bxd6
15. Bxd6 Qxd6 16. Rad1 O-O 17. a3 Rab8 18. Ne2 Qb6 19. b4 e5 20. Qg4 f5 21. Qg5
Rf6 22. Rd3 Qe6 23. f4 e4 24. Rd4 Bc6 25. Qg3 Rd8 26. c4 Rdf8 27. c5 Rg6 28. Qb3
Rg4 29. h3 Rh4 30. Qg3 Qh6 31. Nc3 Rf6 32. Kf1 Rg6 33. Qe3 Rxf4+ 34. Ke2 Rxg2+
35. Kd1 Qh5+ 36. Re2 Rh4 37. Rd2 Rxe2 38. Rxe2 Rxh3 39. Qd2 Rd3 40. Qxd3 exd3
0-1

[Event "Challenge"]
[Site "http://www.queenalice.com/game.php?id=133795"]
[Date "2006.11.25"]
[Round "-"]
[White "raskolnikoff"]
[Black "MadScot"]
[Result "0-1"]
[WhiteElo "1626"]
[BlackElo "1775"]

1. e4 c6 2. d4 d5 3. exd5 cxd5 4. c4 Nf6 5. Bg5 Bf5 6. Nc3 e6 7. Nf3 Be7 8. c5
Nc6 9. Bb5 O-O 10. a3 Ne4 11. Bxe7 Nxe7 12. O-O Nxc3 13. bxc3 Qa5 14. Qb3 Nc6
15. Rfe1 Qc7 16. c4 a6 17. cxd5 Na5 18. d6 Nxb3 19. dxc7 Nxa1 20. Bd7 Nc2 21.
Rb1 Be4 22. Ng5 Bd5 0-1